01791nam a2200289 a 4500001001000000005001700010008004100027041000800068044000700076084002100083100004500104245011200149260003200261300002200293500034300315500013200658500025900790500010001049500004901149500000901198650005201207650005601259650003401315650004501349700005701394740005001451BRCA_242020190320203811.0131108s1765----sp-a---###---#000-0dspa-u aspa asp a061b.M376c17651 aCervantes Saavedra, Miguel ded1547-161610aVida y Hechos del Ingenioso Caballero Don Quijote de la Manchaccompuesto por Miguel de Cervantes Saavedra. aMadridbManuel Martinc1765 a4 v.bil.c16 cm. aContenido : v 1. Primera parte. Dedicatoria a D. Quijote por Cide Hamete Benengeli. Algunos versos preliminares. Advertencia del impresor. Prólogo del autor. Vida de Cervantes por G. Mayáns. Texto. -- v 2. Licencia de J. A. de Zarza. Texto. -- v 3. Segunda parte. Algunos versos preliminares. Prólogo del autor. Texto. -- v 4. Texto aEdición : Nueva edición corregida e ilustrada con 44 estampas. Añadida la vida de su autor por Gregorio Mayáns I Siscar aSigue esta edición a la segunda de Cuesta, de 1605. Las correcciones ortográficas son notables y es la primera en que el Quijote se escribe con j. Los grabados en cambio, son malos. Ejemplar bien conservado, encuadernado en pergamino Lúdovik Osterc aEstado físico : En el volúmen 1 la cubierta y las primeras hojas se encuentran desprendidas aCon ex-libris de : Armando Cotarelo Valledor aQM4914aNovela españolayÉpoca clásica, 1500-170014aLiteratura españolayÉpoca clásica, 1500-170014aNovela españolaySiglo XVII14aDon Quijote (Personaje ficticio)eNovela1 aMayáns I Síscar, Gregoriod1699-1781eBiógrafo0 aEl Ingenioso Hidalgo Don Quijote de la Mancha